000 00321nam a2200145Ia 4500
008 191201s2007 xx 000 0 und d
082 _a658.15
_bELF
100 _aELSEVIER
245 0 _aFinancial Management
250 _aRep
260 _aU S A
_bElsevier
_c2007
300 _a114
650 _aBBA
942 _2ddc
_cBK
_01
999 _c4947
_d4947